000 00585nam a2200265Ia 4500
005 20260306164235.0
008 008 260114s9999 xx 000 0 eng d
020 _a9780748671908
037 _aEBOOK
040 _aCRL
040 _beng
040 _cCRL
041 _2eng
041 _aeng
084 _qCRL
100 _aCole
245 4 _aThe Myth Of Evil
260 _bEdinburgh University Press
260 _c2012
650 _aPhilosophy
856 _uhttps://academic.oup.com/book/16474
942 _cEBOOK
999 _c1713320
_d1713320